| 000 | 00362nam a2200097Ia 4500 | ||
|---|---|---|---|
| 008 | 220120s9999||||xx |||||||||||||| ||und|| | ||
| 100 |
_aBhavya S, Chaitra Rao and Chandrashekar P _912405 |
||
| 245 | 0 | _aInfant incubator parameter sensing and monitoring through wi | |
| 260 |
_aCoorg Institute of Technology _bPonnampet _c2012 |
||
| 650 | _aELECTRONICS AND COMMUNICATIONS | ||
| 999 |
_c137992 _d137992 |
||